000 00484nam a2200133Ia 4500
008 220216s9999 xx 000 0 und d
100 _aGeorge K.T.
245 0 _aReport on socio-economic studies on natural rubber sector in India
260 _bIRRDB Joint Workshop on Plant Breeding, Agronomy and Socio-economics, 28 August-6 September 2002, Malaysia/Indonesia.
_c2002
650 _aFarm management
650 _aRubber plantation industry
650 _aSocioeconomics
942 _cBS
999 _c52433
_d52433